Lego Games - Statistics

General Stats
  • This quiz has been taken 9 times
  • The average score is 11 of 30
Answer Stats
Game Year % Correct
Lego Marvel Super Heroes 2013
71%
Lego Marvel Superheroes 2 2017
71%
Lego Star Wars: The Complete Saga 2007
71%
Lego Star Wars: The Skywalker Saga 2022
71%
Lego The Incredibles 2018
71%
Lego Batman 3: Beyond Gotham 2014
57%
Lego Batman: The Videogame 2008
57%
The Lego Movie Videogame 2014
57%
Lego Dimensions 2015
43%
Lego Harry Potter: Years 1-4 2010
43%
Lego Harry Potter: Years 5-7 2011
43%
Lego Marvel's Avengers 2016
43%
Lego Star Wars: The Force Awakens 2016
43%
The Lego Movie 2 Videogame 2019
43%
Lego Batman 2: DC Super Heroes 2012
29%
Lego DC Super-Villains 2018
29%
Lego Fortnite 2023
29%
Lego Star Wars 2: The Original Trilogy 2006
29%
Lego Star Wars 3: The Clone Wars 2011
29%
Lego Star Wars: The Video Game 2005
29%
Lego The Hobbit 2014
29%
Lego The Lord of the Rings 2012
29%
The Lego Ninjago Movie Video Game 2017
29%
Lego Horizon Adventures 2024
14%
Lego Jurassic World 2015
14%
Lego Pirates of the Caribbean: The Video Game 2011
14%
Lego Rock Band 2009
14%
Lego Batman 4: Legacy of the Dark Knight 2026
0%
Lego Indiana Jones: The Aventure Continues 2009
0%
Lego Indiana Jones: The Original Adventures 2007
0%
No matching quizzes found
Score Distribution
Percent of People with Each Score
Percentile by Number Answered
Your Score History
You have not taken this quiz